000 004450000a22001810004500
003 LK-CoMWRAF
008 230817t ||||| |||| 00| 0 eng d
020 _a0863114628
040 _aLK-CoMWRAF
_dLK-CoMWRAF
_eLK-CoMWRAF
041 _aeng
082 _a150
_bENG
100 _aAsgar Ali Enginer
245 _aThe Origin And Development Of Islam
_b
260 _aIndia
_bOriend Landman
_c1993
300 _ap.293
650 _aTamil
942 _cBK
999 _c465
_d465